Normal view MARC view
  • JACOBSON,ARNIE

Entry Personal Name

Number of records used in: 1

001 - CONTROL NUMBER

  • control field: 133489

003 - CONTROL NUMBER IDENTIFIER

  • control field: NUST

005 - DATE AND TIME OF LATEST TRANSACTION

  • control field: 20260227112357.0

008 - FIXED-LENGTH DATA ELEMENTS

  • fixed length control field: 260227|| aca||aabn | a|a d

040 ## - CATALOGING SOURCE

  • Original cataloging agency: NUST
  • Transcribing agency: NUST

100 ## - HEADING--PERSONAL NAME

  • Personal name: JACOBSON,ARNIE

670 ## - SOURCE DATA FOUND

  • Source citation: Work cat.: (NUST): JACOBSON,ARNIE., CLIFS NOTES ON DICKENS GREAT EXPECTIONS /, 1993.
© 2023 Central Library, National University of Sciences and Technology. All Rights Reserved.